<?xml version="1.0" encoding="UTF-8"?>
<record
    xmlns:xsi="http://www.w3.org/2001/XMLSchema-instance"
    xsi:schemaLocation="http://www.loc.gov/MARC21/slim http://www.loc.gov/standards/marcxml/schema/MARC21slim.xsd"
    xmlns="http://www.loc.gov/MARC21/slim">

  <leader>01043nam a2200253 a 4500</leader>
  <controlfield tag="005">20191224041627.0</controlfield>
  <controlfield tag="008">140304b2000    ck o   gr|||| 00| 0 spa d</controlfield>
  <datafield tag="040" ind1=" " ind2=" ">
    <subfield code="a">CO-BoIAVH</subfield>
    <subfield code="c">CO-BoIAVH</subfield>
  </datafield>
  <datafield tag="041" ind1="0" ind2=" ">
    <subfield code="a">spa</subfield>
  </datafield>
  <datafield tag="044" ind1=" " ind2=" ">
    <subfield code="a">ck</subfield>
  </datafield>
  <datafield tag="082" ind1="0" ind2="4">
    <subfield code="a">561.928613</subfield>
    <subfield code="b">R28h</subfield>
  </datafield>
  <datafield tag="110" ind1="1" ind2=" ">
    <subfield code="a">Medell&#xED;n. Antioquia, Colombia. </subfield>
    <subfield code="b">Area Metropolitana del Valle de Aburr&#xE1;</subfield>
    <subfield code="b">Subdirecci&#xF3;n Ambiental</subfield>
  </datafield>
  <datafield tag="245" ind1="1" ind2=" ">
    <subfield code="a">Hongos y musgos del Valle de Aburr&#xE1;</subfield>
    <subfield code="c">Director: Oscar Suarez Mira; Proyecto y direcci&#xF3;n: R&#xF3;mulo Agudelo Ru&#xED;z; Editor: Juan Guillermo Ram&#xED;rez Arango</subfield>
  </datafield>
  <datafield tag="260" ind1=" " ind2=" ">
    <subfield code="a">Medell&#xED;n :</subfield>
    <subfield code="b">&#xC1;rea Metropolitana del Valle del Aburr&#xE1; ,</subfield>
    <subfield code="c">2000.</subfield>
  </datafield>
  <datafield tag="300" ind1=" " ind2=" ">
    <subfield code="a">153 p&#xE1;ginas :</subfield>
    <subfield code="b">Fotgraf&#xED;as ;</subfield>
    <subfield code="c">24 x 17 cm</subfield>
  </datafield>
  <datafield tag="650" ind1="0" ind2="6">
    <subfield code="a">Hongos</subfield>
  </datafield>
  <datafield tag="650" ind1="0" ind2="6">
    <subfield code="a">Musgos</subfield>
  </datafield>
  <datafield tag="650" ind1="0" ind2="6">
    <subfield code="a">Inventarios</subfield>
    <subfield code="x">Hongos</subfield>
    <subfield code="x">Musgos</subfield>
  </datafield>
  <datafield tag="662" ind1=" " ind2=" ">
    <subfield code="a">Colombia</subfield>
    <subfield code="c">Valle de Aburra</subfield>
    <subfield code="b">Antioquia</subfield>
  </datafield>
  <datafield tag="700" ind1="1" ind2=" ">
    <subfield code="a">Suar&#xE9;z Mira, Oscar</subfield>
    <subfield code="e">Director</subfield>
  </datafield>
  <datafield tag="700" ind1="1" ind2=" ">
    <subfield code="a">Agudelo Ru&#xED;z, R&#xF3;mulo</subfield>
    <subfield code="e">Proyecto y direcci&#xF3;n</subfield>
  </datafield>
  <datafield tag="710" ind1="1" ind2=" ">
    <subfield code="a">Ram&#xED;rez A., Juan Guillermo</subfield>
    <subfield code="e">Editor</subfield>
  </datafield>
  <datafield tag="942" ind1=" " ind2=" ">
    <subfield code="c">LIBRO</subfield>
    <subfield code="2">ddc</subfield>
  </datafield>
  <datafield tag="999" ind1=" " ind2=" ">
    <subfield code="c">2193</subfield>
    <subfield code="d">2193</subfield>
  </datafield>
  <datafield tag="952" ind1=" " ind2=" ">
    <subfield code="0">0</subfield>
    <subfield code="1">0</subfield>
    <subfield code="2">ddc</subfield>
    <subfield code="4">0</subfield>
    <subfield code="7">0</subfield>
    <subfield code="8">GENERAL</subfield>
    <subfield code="I">INV2017</subfield>
    <subfield code="a">Bogota</subfield>
    <subfield code="b">Bogota</subfield>
    <subfield code="d">2001-03-30</subfield>
    <subfield code="e">Instituto</subfield>
    <subfield code="g">39000.00</subfield>
    <subfield code="l">0</subfield>
    <subfield code="o">LB-561.928613 R28h</subfield>
    <subfield code="p">002767</subfield>
    <subfield code="r">2012-12-04 00:00:00</subfield>
    <subfield code="t">Ej. 1</subfield>
    <subfield code="w">2012-12-04</subfield>
    <subfield code="x">Donaci&#xF3;n</subfield>
    <subfield code="y">LIBRO</subfield>
  </datafield>
</record>
